00230nam a2200085Ia 4500001000800000005001700008008004100025245004900066260002900115125034920251031150854.0251031s9999 xx 000 0 und d 0cİNCİ ARALaC-4 AŞKIN GÜZELLİĞİ bKIRMIZI KEDİ YAYINLARI